[Event "Turkey IS Bank Super League 2017"]
[Site "Darica-Kocaeli"]
[Date "2017.07.28"]
[Round "3"]
[White "Unuk, Laura"]
[Black "Daulyte, Deimante"]
[Result "0-1"]
[WhiteElo "2343"]
[BlackElo "2419"]
[Annotator "TA"]
[PlyCount "148"]
[EventType "team-tourn"]
[EventCountry "TUR"]
[SourceTitle "playchess.com"]
[Source "ChessBase"]
[SourceQuality "1"]

{[%evp 17,148,8,33,3,1,0,50,-45,-49,-39,-54,-143,-132,-197,-154,-165,-165,-166,-165,-154,-162,-168,-168,-171,-162,-163,-160,-156,-163,-155,-104,-99,-79,-77,-71,-70,-60,-108,-108,-108,-104,-108,-108,-108,-108,-108,-65,-107,-107,-107,-107,-131,-131,-139,-135,-165,-117,-154,-146,-177,-177,-176,-105,-164,-164,-188,-175,-231,-227,-227,-227,-220,-212,-199,-200,-373,-373,-373,-373,-636,-626,-597,-586,-968,-631,-826,-740,-746,-676,-574,-580,-574,-525,-4582,-387,-4753,-3980,-3442,-4181,-2714,-2102,-4694,-4868,-29957,-29956,-29958,-29963,-29957,-29957,-29960,-29964,-29951,-1872,-29964,-29965,-29965,-29964,-29965,-29964,-29956,-12795,-29982,-29983,-29983,-29982,-29982,-29982,-29982,-29983,-29986,-29987,-29987,-29988]} 1. d4 Nf6 2. c4 e6 3. Nf3 b6 4. g3 Bb4+ 5. Bd2 Bxd2+ 6. Qxd2 Ba6 7. b3 O-O 8. Bg2 {E15: Queen's Indian: 4 g3 sidelines, 4 g3 Ba6 and 4 g3 Bb7 early deviations} d5 9. O-O c5 {LiveBook: 12 Games} (9... c6 10. Rc1 Nbd7 11. a4 Rc8 12. Na3 Bb7 13. b4 c5 14. cxd5 Bxd5 15. dxc5 bxc5 16. b5 c4 17. Qb4 Bxf3 18. Bxf3 {1-0 (46) Inarkiev,E (2732)-Hou,Y (2658) Petropavlovsk Kamchatsky 2016}) 10. Rd1 {White is slightly better.} Nc6 {[%cal Bb8c6,Bc6d4,Bd4e2][%mdl 32]} 11. cxd5 exd5 12. Nc3 (12. dxc5 $14 bxc5 13. Nc3) 12... Ne4 $15 13. Nxe4 dxe4 14. Ng5 $146 (14. Ne5 $15 Nxd4 15. e3 Ne2+ 16. Kh1) ({Predecessor:} 14. Ne5 Nxd4 15. e3 Ne2+ 16. Kh1 Qf6 17. Nd7 Qxf2 18. Nxf8 Rxf8 19. Bxe4 g6 20. Qd7 Nc3 21. Rd2 Qxe3 22. Bc6 Ne4 23. Bxe4 Qxe4+ 24. Kg1 Bb7 {0-1 (24) Russ,W-Konstantinopolsky,A corr 1963}) 14... Nxd4 $17 15. Bxe4 (15. Bf1 $17) 15... h6 ({Don't do} 15... Bxe2 16. Re1 $17) (15... Nxe2+ 16. Kg2 $15) 16. Nf3 Nxe2+ 17. Kg2 Qxd2 18. Rxd2 Rad8 19. Rad1 Rxd2 20. Rxd2 Nc3 21. Bc6 Rc8 22. Bd7 Rd8 {And now ...Ne4 would win.} 23. Ne5 Bb5 (23... Kf8 $142 24. f3 Bb5) 24. a4 Bxd7 (24... Ba6 {keeps more tension.} 25. f3 Bb7 26. Kf2 Kf8 27. Ke1 Ke7) 25. Nxd7 {[%mdl 4096] Endgame KRN-KRN} Kh8 26. Rd3 {[#]} Nxa4 $1 {[%mdl 512]} 27. bxa4 $15 {Nxc5! is the strong threat. KRN-KR} c4 28. Rd4 c3 29. Kf3 {Black must now prevent Ke2.} c2 30. Rc4 {Threatens to win with Ne5.} Rxd7 31. Rxc2 $17 {KR-KR} Rd5 32. Ke4 Ra5 33. Rc4 Kh7 34. f4 Kg6 35. g4 Kf6 36. h4 Ke6 37. Rd4 f5+ 38. gxf5+ Rxf5 39. Rd8 Rh5 ({Black should try} 39... Ra5 $19 40. Rd4 Rc5) 40. Rg8 (40. Rc8 $17 {was called for.}) 40... Kf7 $19 ({Not} 40... Rxh4 41. Rxg7 Rh1 42. Rxa7 $11) 41. Rc8 {intending Rc7+.} Ra5 ({Much less strong is} 41... Rxh4 42. Rc7+ Kg8 43. Ke5 $17) 42. Rc4 (42. Rc7+ $142 Kg6 43. h5+ Rxh5 44. Rxa7) 42... Kg6 43. Kf3 Kh5 $1 44. Kg3 {[#]} Rc5 $1 {[%cal Rc5c4]} 45. Rd4 Rc3+ 46. Kg2 $2 (46. Kf2) 46... Kxh4 47. Rd7 Rg3+ 48. Kh2 $2 (48. Kf2 a5 49. Rd6) 48... a5 49. Rb7 Ra3 50. Rxg7 Ra2+ 51. Kg1 Rxa4 52. Rg6 h5 53. f5 Rf4 54. Rxb6 Rxf5 55. Kg2 Kg4 $2 (55... Rf4 56. Ra6 a4) 56. Re6 $2 (56. Rg6+ Rg5 57. Rf6) 56... a4 57. Rg6+ Kh4 {( -> ...Rg5+)} 58. Ra6 Rf4 59. Ra5 Kg4 60. Re5 Rb4 61. Ra5 h4 {[%cal Bh5h4,Bh4h3][%mdl 32]} 62. Ra8 h3+ 63. Kh2 Rb2+ 64. Kg1 Ra2 (64... Kg3 $142 65. Rg8+ Kf3 66. Rf8+ Ke4 67. Ra8 Ra2 68. Re8+ Kd4 69. Rh8 Rg2+ 70. Kh1 a3 71. Rh4+ Kd5 72. Rh5+ Ke4 73. Re5+ Kf4 74. Rf5+ Kg4 75. Rf4+ Kh5 76. Rf5+ Rg5 77. Rf8 Ra5 78. Rh8+ Kg6 79. Rg8+ Kh6 80. Rg1 a2 81. Ra1 Kg5 82. Kg1 Kg4 83. Kf2 h2 84. Kg2 {[#]} h1=Q+ $1 {[%mdl 512]} 85. Rxh1 Rb5 86. Rd1 Rb2+ 87. Kf1 Rb1 88. Ke1 a1=Q 89. Rxb1 Qxb1+ 90. Kd2 Qb3 91. Ke2 Kf4 92. Kd2 Qc4 93. Ke1 Qc2 94. Kf1 Kf3 95. Kg1 Qg2#) 65. Rf8 a3 66. Ra8 Kf4 67. Ra7 Ke4 68. Kh1 Kd4 (68... Kd3 $142 69. Rd7+ Kc2 70. Rc7+ Kb1 71. Ra7 Kb2 72. Rb7+ Kc1 73. Ra7 Ra1 74. Kh2 Kb2 75. Rb7+ Ka2 76. Re7 Rb1 77. Ra7 Rb3 78. Rf7 Ka1 79. Rf1+ Rb1 80. Rf5 a2 81. Kxh3 Rb4 82. Kg2 Kb2 83. Rf2+ Ka3 84. Rf3+ Rb3 85. Rf1 Rb2+ 86. Kh3 Rb1 87. Rf8 Rb3+ 88. Kg2 Rb4 89. Rf3+ Rb3 90. Rf1 Rb2+ 91. Kg3 Rb1 92. Rf8 Rb3+ 93. Kh2 Rb2+ 94. Kg3 Rb4 95. Rf1 Rb1 96. Rf8 Rb4 97. Rf1 Rb1) 69. Rf7 Re2 {Black mates.} 70. Rd7+ Kc3 71. Rc7+ Kb2 72. Rb7+ Kc1 73. Ra7 a2 74. Ra8 Kb1 {Precision: White = 33%, Black = 73%.} 0-1

[Event "Turkey IS Bank Super League 2017"]
[Site "Darica-Kocaeli"]
[Date "2017.07.28"]
[Round "3"]
[White "Yildiz, Betul Cemre"]
[Black "Batsiashvili, Nino"]
[Result "1/2-1/2"]
[WhiteElo "2326"]
[BlackElo "2475"]
[Annotator "TA"]
[PlyCount "102"]
[EventType "team-tourn"]
[EventCountry "TUR"]
[SourceTitle "playchess.com"]
[Source "ChessBase"]
[SourceQuality "1"]

{[%evp 18,102,10,10,16,9,22,16,27,8,71,53,56,0,0,-8,90,69,63,65,73,64,90,87,106,89,109,86,93,84,83,83,85,91,89,62,77,81,79,68,79,79,95,100,83,68,86,86,86,86,108,100,130,60,194,194,238,214,393,333,353,178,178,178,178,178,178,8,8,8,8,8,8,8,8,0,0,0,0,0,0,0,0,0,0,0,0]} 1. d4 Nf6 2. Nf3 d5 3. c4 e6 4. e3 Be7 5. Nbd2 O-O 6. Bd3 b6 7. O-O Bb7 8. b3 {E14: Queen's Indian: Classical Variation (4 e3)} c5 9. cxd5 (9. Bb2 cxd4 10. Nxd4 Nc6 11. Nxc6 Bxc6 12. Qe2 Rc8 13. Rfd1 Qc7 14. Rac1 Qb8 15. e4 dxe4 16. Nxe4 Nxe4 17. Bxe4 Bxe4 18. Qxe4 Rfd8 19. Be5 Qa8 {½-½ (33) El Debs,F (2530)-Mekhitarian,K (2544) Florianopolis 2017}) 9... exd5 10. Bb2 {LiveBook: 3 Games} Nc6 11. Ne5 Rc8 $146 ({Find the theoretical novelty and annotate with similar games:} 11... Nxe5 12. dxe5 Ne4 13. f3 Nxd2 14. Qxd2 {0-1 (38) Vigoa Apecheche,Y (2290)-Ordaz Valdes,L (2343) Ciudad de Holguin 2011}) 12. Rc1 Bd6 13. Qf3 Re8 {[#]} (13... Nb4 $11 14. Bf5 Rc7) 14. Nxc6 $1 $16 Bxc6 15. dxc5 (15. Ba6 $14) 15... d4 $1 $11 16. Qh3 bxc5 (16... Bxc5 $11 17. Bf5 Rc7) 17. exd4 cxd4 18. Nf3 Bxf3 19. Qxf3 Rxc1 20. Rxc1 Be5 21. g3 Qa5 22. a3 g6 23. b4 Qd5 24. Qxd5 Nxd5 25. Re1 Kf8 26. f4 Bf6 27. Rxe8+ Kxe8 $16 {[%mdl 4096] Endgame KBB-KBN} 28. Kf2 Nc3 {[#] aiming for ...Nd1+.} 29. Ke1 Ke7 30. Kd2 h5 31. Bc2 h4 $1 32. a4 hxg3 33. hxg3 g5 34. Ba3 {And now b5+ would win.} gxf4 35. gxf4 Nd5 (35... Kd7 $14) 36. b5+ $18 Kd7 37. Bc5 Nxf4 $2 (37... Bd8 {keeps fighting.} 38. Bf5+ (38. Bxa7 Ba5+ 39. Kd1 Nc3+ 40. Kc1 Kd6 $16) 38... Ke8 39. Bxa7 Ba5+ 40. Kd3 Nb6 41. Kxd4 Kd8 42. Bxb6+ Bxb6+ 43. Ke5 Kc7) 38. Bxa7 Bg5 39. Bxd4 (39. a5 $142) 39... Ne6+ 40. Be3 Bxe3+ 41. Kxe3 {KB-KN} Kd6 42. b6 $2 ({Better is} 42. Bf5 $18 Ng7 43. Bd3) 42... Kc6 $11 {The position is equal.} 43. a5 {Threatens to win with Be4+.} Kb7 44. Kd3 Ka6 45. Kc4 Nd8 46. Kb4 Nc6+ 47. Kc5 Nxa5 48. Bd3+ Kb7 49. Kb5 Nb3 50. Be4+ Kb8 51. Bd5 Nd4+ {Precision: White = 58%, Black = 59%.} 1/2-1/2

[Event "Turkey IS Bank Super League 2017"]
[Site "Darica-Kocaeli"]
[Date "2017.07.28"]
[Round "3"]
[White "Gokerkan, Cem Kaan"]
[Black "Ozenir, Ekin Baris"]
[Result "0-1"]
[WhiteElo "2321"]
[BlackElo "2098"]
[Annotator "NA"]
[PlyCount "80"]
[EventType "team-tourn"]
[EventCountry "TUR"]
[SourceTitle "playchess.com"]
[Source "ChessBase"]
[SourceQuality "1"]
[TimeControl "40/5400+30:1800+30"]

1. c4 {[%emt 0:02:30]} e5 {[%emt 0:02:00]} 2. Nc3 {[%emt 0:00:30]} Nc6 {[%emt 0:00:30]} 3. g3 {[%emt 0:00:30]} g6 {[%emt 0:00:30]} 4. Bg2 {[%emt 0:00:30]} Bg7 {[%emt 0:00:30]} 5. d3 {[%emt 0:01:30]} d6 {[%emt 0:00:30]} 6. e4 {[%emt 0:02:30]} Nge7 {[%emt 0:04:30]} 7. Nge2 {[%emt 0:01:30]} O-O {[%emt 0:04:30]} 8. O-O {[%emt 0:03:30]} Be6 {[%emt 0:05:30]} 9. Nd5 {[%emt 0:05:30]} Qd7 {[%emt 0:15:30]} 10. Be3 $11 {[%emt 0:00:30]} f5 {[%emt 0:12:30]} 11. Qd2 {[%emt 0:01:30]} Rae8 {[%emt 0:06:30]} 12. Rae1 {[%emt 0:01:30]} Rf7 {[%emt 0:08:30]} 13. b3 {[%emt 0:03:30]} Ref8 {[%emt 0:03:30]} 14. f3 {[%emt 0:05:30]} Nd4 {[%emt 0:05:30]} 15. Nxd4 {[%emt 0:02:30]} exd4 {[%emt 0:00:30]} 16. Nxe7+ {[%emt 0:04:30]} Rxe7 {[%emt 0:01:30]} 17. Bg5 {[%emt 0:00:30]} Ree8 {[%emt 0:00:30]} 18. Bh6 {[%emt 0:19:30] [%clk 0:39]} c6 {[%emt 0:04:30]} 19. Bxg7 {[%emt 0:02:30]} Qxg7 {[%emt 0:00:30]} 20. f4 {[%emt 0:07:30]} fxe4 {[%emt 0:02:30]} 21. dxe4 {[%emt 0:00:30]} c5 {[%emt 0:01:01]} 22. h3 {[%emt 0:02:30]} Bd7 {[%emt 0:02:06]} 23. g4 {[%emt 0:04:30]} Bc6 {[%emt 0:01:51]} 24. g5 {[%emt 0:01:30]} h6 {[%emt 0:00:46]} 25. h4 {[%emt 0:00:30]} hxg5 {[%emt 0:00:56]} 26. hxg5 {[%emt 0:00:30]} Qd7 {[%emt 0:00:08]} 27. Qd1 {[%emt 0:14:01]} Re7 {[%emt 0:01:04]} 28. Rf2 {[%emt 0:02:16]} Rfe8 {[%emt 0:00:28]} 29. Qd3 {[%emt 0:00:54]} Qg4 {[%emt 0:01:53]} 30. e5 {[%emt 0:06:20]} Kg7 {[%emt 0:00:14]} 31. Ref1 {[%emt 0:01:30]} dxe5 {[%emt 0:03:26]} 32. fxe5 {[%emt 0:00:30]} Qxg5 {[%emt 0:00:20]} 33. e6 {[%emt 0:00:44]} Rxe6 {[%emt 0:01:16]} 34. Qh3 {[%emt 0:00:01]} R6e7 {[%emt 0:01:14]} 35. Qh2 {[%emt 0:01:50]} d3 {[%emt 0:02:38]} 36. Qd6 {[%emt 0:00:25]} Rd7 {[%emt 0:02:45]} 37. Qxd7+ {[%emt 0:01:21]} Bxd7 {[%emt 0:00:30]} 38. Rf7+ {[%emt 0:00:00]} Kh6 {[%emt 0:00:51]} 39. Rxd7 {[%emt 0:00:02]} Re2 {[%emt 0:00:00]} 40. Rf2 {[%emt 0:00:11]} Rxf2 {[%emt 0:00:33]} 0-1

[Event "Turkey IS Bank Super League 2017"]
[Site "Darica-Kocaeli"]
[Date "2017.07.28"]
[Round "3"]
[White "Ozen, Bahadir"]
[Black "Unat, Can Haktan"]
[Result "1-0"]
[WhiteElo "2315"]
[BlackElo "2006"]
[Annotator "NA"]
[PlyCount "67"]
[EventType "team-tourn"]
[EventCountry "TUR"]
[SourceTitle "playchess.com"]
[Source "ChessBase"]
[SourceQuality "1"]
[TimeControl "40/5400+30:1800+30"]

1. g3 {[%emt 0:00:30]} d5 {[%emt 0:01:00]} 2. Bg2 {[%emt 0:00:30]} c6 {[%emt 0:00:30]} 3. Nf3 {[%emt 0:00:30]} Nf6 {[%emt 0:00:30]} 4. c4 {[%emt 0:00:30]} Bg4 {[%emt 0:00:30]} 5. cxd5 {[%emt 0:01:30]} cxd5 {[%emt 0:00:30]} 6. Qb3 {[%emt 0:03:30]} Qc7 {[%emt 0:09:30]} 7. Nc3 {[%emt 0:00:30]} e6 {[%emt 0:01:30]} 8. d3 {[%emt 0:01:30]} Nc6 {[%emt 0:01:30]} 9. Bf4 {[%emt 0:08:30]} Qd7 {[%emt 0:00:30]} 10. Ne5 {[%emt 0:03:30]} Nxe5 {[%emt 0:01:30]} 11. Bxe5 {[%emt 0:00:30]} Be7 {[%emt 0:08:30]} 12. h3 {[%emt 0:03:30]} Bh5 {[%emt 0:01:30]} 13. O-O $14 {[%emt 0:15:30]} O-O {[%emt 0:26:30]} 14. e4 {[%emt 0:00:30]} Rad8 {[%emt 0:00:30]} 15. g4 {[%emt 0:00:30]} Bg6 {[%emt 0:00:30]} 16. f4 {[%emt 0:00:30]} h6 {[%emt 0:00:30]} 17. f5 {[%emt 0:02:30]} Bh7 {[%emt 0:02:30]} 18. Kh1 {[%emt 0:02:30]} Rfe8 {[%emt 0:02:30]} 19. Bh2 {[%emt 0:03:30]} d4 {[%emt 0:04:30]} 20. Nb5 {[%emt 0:04:30] [%clk 0:45]} Rc8 {[%emt 0:18:25]} 21. Nxa7 {[%emt 0:03:30]} Rc5 {[%emt 0:01:31]} 22. Rac1 {[%emt 0:01:30]} exf5 {[%emt 0:02:31]} 23. gxf5 {[%emt 0:01:30]} Bd6 {[%emt 0:02:33]} 24. Rxc5 {[%emt 0:03:30]} Bxh2 {[%emt 0:00:37]} 25. Qb5 {[%emt 0:02:30]} Qd6 {[%emt 0:03:54]} 26. e5 {[%emt 0:00:30]} Bxe5 {[%emt 0:03:12]} 27. Re1 {[%emt 0:00:30]} Nd7 {[%emt 0:00:48]} 28. Rd5 {[%emt 0:00:00]} Qf8 {[%emt 0:03:07]} 29. Qxd7 {[%emt 0:01:00]} f6 {[%emt 0:00:25]} 30. Rc1 {[%emt 0:01:30]} Kh8 {[%emt 0:01:56]} 31. Rc8 {[%emt 0:02:30]} Rxc8 {[%emt 0:01:14]} 32. Qxc8 {[%emt 0:00:00]} Qxc8 {[%emt 0:00:52]} 33. Nxc8 {[%emt 0:00:00]} Bxf5 {[%emt 0:00:00]} 34. Be4 {[%emt 0:00:30]} 1-0

[Event "Turkey IS Bank Super League 2017"]
[Site "Darica-Kocaeli"]
[Date "2017.07.28"]
[Round "3"]
[White "Secer, Ata"]
[Black "Heberla, Bartlomiej"]
[Result "1/2-1/2"]
[WhiteElo "2301"]
[BlackElo "2577"]
[Annotator "TA"]
[PlyCount "126"]
[EventType "team-tourn"]
[EventCountry "TUR"]
[SourceTitle "playchess.com"]
[Source "ChessBase"]
[SourceQuality "1"]

{[%evp 20,126,31,23,47,33,46,43,41,42,58,58,56,63,64,64,56,55,65,56,59,58,57,55,90,34,48,0,85,0,41,0,74,79,74,78,92,95,100,106,123,99,147,44,78,20,38,-46,-47,-58,0,-60,-72,-72,-70,-105,-124,-107,-110,-138,-129,-237,-226,-243,-246,-196,0,0,0,0,0,0,8,15,64,-35,-42,-152,-117,-230,0,0,0,0,0,0,0,0,0,0,0,0,0,0,0,0,0,0,0,0,0,0,0,0,0,0,0,0,0]} 1. e4 c5 2. Nf3 g6 3. d4 cxd4 4. Qxd4 Nf6 5. Nc3 Nc6 6. Qa4 d6 7. e5 dxe5 8. Nxe5 Qd4 {B27: Sicilian: 2 Nf3, unusual Black 2nd moves} (8... Bd7 9. Nxd7 Qxd7 10. Be3 Bg7 11. Rd1 Qg4 12. Rd4 Qf5 13. Bd3 Qe5 14. Rb4 Qc7 15. Bb5 O-O 16. Rc4 {0-1 (36) Wei,Y (2706)-Bu,X (2681) China 2015}) 9. Nxc6 Qxa4 10. Nxa4 bxc6 11. Be3 {LiveBook: 11 Games} Nd5 12. Bc5 (12. Bd4 $5 {[%cal Rd4h8]} f6 13. Bc5 $11) 12... Bg7 13. O-O-O O-O 14. Bc4 Re8 15. Rhe1 e5 16. Rxd5 Be6 17. Rd6 $146 ({Predecessor:} 17. Rdd1 Bxc4 18. Rd7 Bd5 19. Nc3 Bxg2 20. Bxa7 Bh3 21. Rc7 Rec8 {½-½ (21) Ramoutar,A (1809)-Merritt,M (2151) Port of Spain 2016}) 17... Bxc4 18. b3 Bd5 19. f3 Bh6+ 20. Be3 Bf8 21. Rd7 a5 22. Bc5 (22. Nb6 $16) 22... Bh6+ $1 $14 23. Be3 Bf8 $1 24. Bc5 Bh6+ $1 25. Be3 Bf8 $1 26. Nb6 Be6 27. Rc7 Rad8 28. Rxc6 Bb4 29. Rf1 f5 30. Kb2 f4 31. Bc1 (31. Bc5 $16) 31... g5 32. c3 (32. Rf2 $16) 32... Bf8 $11 33. Re1 ({White should play} 33. c4 $14) 33... Bf5 $1 $15 34. Rf6 Bg6 (34... Bd3 $15) 35. h4 (35. Rxg6+ $11 hxg6 36. Nc4) 35... gxh4 36. Nc4 a4 $1 {[%cal Ba5a4,Ba4a3][%mdl 32]} 37. Ra6 ({Avoid the trap} 37. Rxe5 $2 a3+ $1 {[%mdl 512]} 38. Ka1 Rxe5 $19) 37... e4 38. fxe4 Bxe4 39. Bxf4 Bxg2 40. Ne3 (40. Ne5 $17) 40... a3+ $1 $19 41. Kc1 h3 42. Ra5 h6 $2 (42... Bg7 $19 43. Rg5 Be4) 43. Rg1 $11 Rxe3 44. Bxe3 Rd3 45. Bd4 Be7 46. Kc2 Rf3 47. Ra7 (47. b4 $1 $14) 47... Bf6 $15 48. Bxf6 (48. Rxa3 Bxd4 49. cxd4 Rf2+ 50. Kc3 h2 $19) (48. Ra5 $15) 48... Rxf6 {[%mdl 4096] Endgame KRR-KRB} 49. Ra4 {[#]} ({Don't blunder} 49. Rxa3 $2 Rf2+ 50. Kd3 h2 $19) (49. Kd2 $17 {only move.}) 49... Kh7 $2 (49... Rf2+ $1 $19 50. Kb1 h2) 50. Kd3 {The position is equal.} h5 {Strongly threatening ...h2.} 51. Rh4 Kh6 52. Ke2 Rf3 53. Rxh3 Rxh3 54. Rxg2 Rxc3 $11 {KR-KR} 55. Rg8 Rc2+ (55... h4 $5 {[%cal Rc3c2]} 56. Kd2 Rh3 $17) 56. Kf3 Rxa2 {Threatens to win with ...h4.} (56... h4 $5 {[%cal Rc2a2]} 57. Rg4 Kh5 $19) 57. Ra8 h4 58. Kg4 Ra1 59. Kh3 Kg5 {White must now prevent ...a2.} (59... a2 $5 {[%cal Ra1h1]} 60. Kg2 Kh5 $11) 60. b4 {[%cal Bb3b4,Bb4b5,Bb5b6][%mdl 32]} Kf4 61. b5 Kf3 {[%cal Ra1h1]} 62. Kh2 $1 Ke4 {...Kd5 is the strong threat.} 63. b6 {aiming for b7.} Rb1 {Precision: White = 49%, Black = 66%.} 1/2-1/2

[Event "Turkey IS Bank Super League 2017"]
[Site "Darica-Kocaeli"]
[Date "2017.07.28"]
[Round "3"]
[White "Ozturk, Kubra"]
[Black "Ushenina, Anna"]
[Result "1/2-1/2"]
[WhiteElo "2298"]
[BlackElo "2458"]
[Annotator "TA"]
[PlyCount "60"]
[EventType "team-tourn"]
[EventCountry "TUR"]
[SourceTitle "playchess.com"]
[Source "ChessBase"]
[SourceQuality "1"]

{[%evp 10,60,25,0,22,-57,-46,-56,-50,-42,-53,-36,-47,-65,-61,-76,-16,-20,-24,-22,-10,-18,0,0,0,0,0,0,0,0,0,-6,-4,-22,-14,-18,-18,-35,-36,-33,0,-6,0,0,0,0,0,0,0,0,0,0,0]} 1. d4 Nf6 2. c4 e6 3. g3 d5 4. Nf3 dxc4 5. Bg2 a6 6. a4 Nc6 {E04: Open Catalan: 5 Nf3} 7. e3 {[#]} ({White should play} 7. O-O $11) 7... e5 $146 {[%mdl 512]} ({Predecessor:} 7... Rb8 8. O-O Bd7 9. Qe2 b5 10. axb5 axb5 11. b3 cxb3 12. Nbd2 Bd6 13. Bb2 Qe7 14. Rfc1 {½-½ (50) Bernasek,J (2398)-Likavsky,T (2478) Cartak 2004}) 8. O-O (8. dxe5 Qxd1+) 8... exd4 {Black is slightly better.} 9. Nxd4 Nxd4 10. exd4 Be7 11. Re1 O-O 12. Na3 c6 (12... Bxa3 $17 13. Rxa3 c6) 13. Nxc4 $11 Be6 14. b3 Bd5 15. Bd2 Bxg2 (15... Bd6 $5) 16. Kxg2 Nd5 17. Ba5 Qd7 18. Nb6 Nxb6 19. Bxb6 Bb4 20. Re3 Rfe8 21. Rxe8+ Rxe8 22. Qf3 Re6 23. Bc5 Rf6 24. Qe4 Re6 25. Qf3 $132 {[%mdl 2048] The position is equal. White puts up resistance} Ba5 26. Rd1 Rf6 27. Qe4 Re6 28. Qf3 Rf6 29. Qe4 Re6 30. Qf3 Rf6 {Precision: White = 61%, Black = 68%.} 1/2-1/2

[Event "Turkey IS Bank Super League 2017"]
[Site "Darica-Kocaeli"]
[Date "2017.07.28"]
[Round "3"]
[White "Tuncer, Tuna"]
[Black "Ozen, Deniz"]
[Result "0-1"]
[WhiteElo "2274"]
[BlackElo "2351"]
[Annotator "NA"]
[PlyCount "80"]
[EventType "team-tourn"]
[EventCountry "TUR"]
[SourceTitle "playchess.com"]
[Source "ChessBase"]
[SourceQuality "1"]
[TimeControl "40/5400+30:1800+30"]

1. e4 {[%emt 0:00:30]} e6 {[%emt 0:01:00]} 2. d4 {[%emt 0:00:30]} d5 {[%emt 0:02:30]} 3. Nd2 {[%emt 0:00:30]} c5 {[%emt 0:00:00]} 4. Ngf3 {[%emt 0:00:30]} cxd4 {[%emt 0:00:00]} 5. exd5 {[%emt 0:00:00]} Qxd5 {[%emt 0:00:30]} 6. Bc4 {[%emt 0:00:00]} Qd7 {[%emt 0:00:00]} 7. O-O {[%emt 0:00:30]} Nc6 {[%emt 0:00:00]} 8. Nb3 {[%emt 0:00:30]} a6 {[%emt 0:00:30]} 9. Nbxd4 {[%emt 0:00:00]} Nxd4 {[%emt 0:00:00]} 10. Nxd4 {[%emt 0:00:00]} Qc7 {[%emt 0:00:00]} 11. Qe2 {[%emt 0:00:30]} Bd6 {[%emt 0:00:30]} 12. Nf5 {[%emt 0:00:30]} Bxh2+ {[%emt 0:00:30]} 13. Kh1 {[%emt 0:00:30]} Be5 {[%emt 0:00:30]} 14. Re1 {[%emt 0:00:30]} g6 {[%emt 0:00:30]} 15. Nh6 {[%emt 0:02:30]} Bf4 {[%emt 0:24:30]} 16. Nxf7 {[%emt 0:08:30]} Kxf7 $15 {[%emt 0:06:30]} ({Much less strong is} 16... Qxf7 17. Bxf4 Qxf4 18. Bxe6 $17) 17. Bxe6+ {[%emt 0:28:30]} Kg7 {[%emt 0:03:30]} 18. Bxg8 {[%emt 0:25:30]} Rxg8 {[%emt 0:08:30]} 19. Bxf4 {[%emt 0:03:30]} Qxf4 {[%emt 0:00:30]} 20. Qe7+ {[%emt 0:00:30]} Kh8 {[%emt 0:01:30]} 21. Re4 {[%emt 0:01:30]} Qh6+ {[%emt 0:03:30] [%clk 0:46]} 22. Rh4 {[%emt 0:14:20]} Qg7 {[%emt 0:01:30]} 23. Re1 {[%emt 0:00:06]} Bf5 {[%emt 0:02:30]} 24. g4 {[%emt 0:06:05]} Qxe7 {[%emt 0:00:30]} 25. Rxe7 {[%emt 0:00:04]} g5 {[%emt 0:00:00]} 26. Rh2 {[%emt 0:00:51]} Bg6 {[%emt 0:00:00]} 27. f3 {[%emt 0:00:00]} Rg7 {[%emt 0:02:30]} 28. Rhe2 {[%emt 0:00:00]} Rxe7 {[%emt 0:00:30]} 29. Rxe7 {[%emt 0:00:30]} b5 {[%emt 0:00:00]} 30. Re2 {[%emt 0:01:26]} Re8 {[%emt 0:00:00]} 31. Rd2 {[%emt 0:00:30]} Re1+ {[%emt 0:00:30]} 32. Kg2 {[%emt 0:00:00]} Rc1 {[%emt 0:00:00]} 33. Kg3 {[%emt 0:02:38]} Rxc2 {[%emt 0:01:00]} 34. Rd6 {[%emt 0:00:06]} a5 {[%emt 0:00:30]} 35. Rd5 {[%emt 0:01:33]} Rxb2 {[%emt 0:00:30]} 36. Rxg5 {[%emt 0:00:06]} a4 {[%emt 0:00:30]} 37. f4 {[%emt 0:02:29]} Bf7 {[%emt 0:03:30]} 38. a3 {[%emt 0:02:12]} b4 {[%emt 0:00:30]} 39. axb4 {[%emt 0:00:08]} a3 {[%emt 0:00:30]} 40. Ra5 {[%emt 0:00:53]} a2 {[%emt 0:00:00]} 0-1

[Event "Turkey IS Bank Super League 2017"]
[Site "Darica-Kocaeli"]
[Date "2017.07.28"]
[Round "3"]
[White "Demircioglu, Emre"]
[Black "Karatekin, Tamer"]
[Result "1/2-1/2"]
[WhiteElo "2265"]
[BlackElo "2287"]
[Annotator "NA"]
[PlyCount "82"]
[EventType "team-tourn"]
[EventCountry "TUR"]
[SourceTitle "playchess.com"]
[Source "ChessBase"]
[SourceQuality "1"]
[TimeControl "40/5400+30:1800+30"]

1. d4 {[%emt 0:00:30]} Nf6 {[%emt 0:01:00]} 2. c4 {[%emt 0:00:30]} e6 {[%emt 0:00:30]} 3. Nf3 {[%emt 0:02:30]} b6 {[%emt 0:00:00]} 4. g3 {[%emt 0:01:30]} Bb7 {[%emt 0:00:00]} 5. Bg2 {[%emt 0:00:00]} g6 {[%emt 0:02:30]} 6. O-O {[%emt 0:04:00]} d5 {[%emt 0:02:30]} 7. Ne5 {[%emt 0:06:30]} Bg7 {[%emt 0:00:30]} 8. Bg5 {[%emt 0:07:30]} O-O {[%emt 0:01:30]} 9. Nc3 {[%emt 0:01:30]} h6 {[%emt 0:03:30]} 10. Bxf6 {[%emt 0:06:30]} Bxf6 {[%emt 0:00:30]} 11. cxd5 {[%emt 0:01:30]} exd5 {[%emt 0:00:30] [#]} 12. Qb3 (12. f4 $1 $16) 12... c6 {[%emt 0:05:00]} 13. e4 $14 {[%emt 0:09:00]} Bxe5 14. dxe5 d4 15. Rfd1 Na6 16. Qc4 c5 17. Nd5 Rb8 18. a4 Kg7 19. f4 Rc8 20. h4 Nc7 21. b4 Na6 22. bxc5 Nxc5 23. Qxd4 Bxd5 24. Qxd5 Qe7 25. Qd6 Rfe8 26. Qxe7 Rxe7 27. Rac1 Rec7 28. Bh3 Re8 29. Rc4 Ree7 30. Rdc1 a5 31. Rb1 Nd3 32. Rxc7 Rxc7 33. Rxb6 Rc1+ 34. Bf1 Nc5 35. Rc6 Rc3 36. Bb5 Rxg3+ 37. Kh2 Nxe4 38. Rc7 Rc3 39. Bc4 Rc2+ 40. Kg1 Rc1+ 41. Kg2 Rc2+ 1/2-1/2